| 000 | 00764nam a22002297a 4500 | ||
|---|---|---|---|
| 999 |
_c6847 _d6847 |
||
| 003 | AR-CdUCM | ||
| 008 | 190319b ||||| |||| 00| 0 spa d | ||
| 040 |
_aMUNICIPALIDAD PROVINCIAL DEL CUSCO _cBIBLIOTECA MUNICIPAL DEL CUSCO |
||
| 082 |
_22 ed. _a129.25 / _bB548 |
||
| 100 |
_aBertrand, Russell _919290 |
||
| 245 | _aLa perspectiva científica / | ||
| 260 |
_aEspaña : _bAriel, _c1949. |
||
| 300 |
_a221 páginas ; _c19 cm. |
||
| 440 |
_aAriel quincenal _n22 _919291 |
||
| 505 | _aContenido : El conocimiento científico -- La técnica científica -- La sociedad científica ... | ||
| 650 |
_aCiencia _92098 |
||
| 650 |
_aEvolución _97012 |
||
| 650 |
_aBiología _9881 |
||
| 700 |
_aHuelin, Sans (Traductor) _919292 |
||
| 942 |
_2ddc _cLIBROS |
||
| 945 | _arah | ||